| 000 | 00710nam a2200241 a 4500 | ||
|---|---|---|---|
| 001 | BRCA_7739 | ||
| 005 | 20190320205954.0 | ||
| 008 | 060913s1909----it-a######---#000-0#ger-# | ||
| 041 | _ager | ||
| 044 | _ait | ||
| 050 | 4 |
_aN2940 _b.F84 1909 |
|
| 245 | 1 | 0 | _aFuhrer durch das Vatikanische Skulpturenmuseum. |
| 260 |
_aRoma _bVatikanische Buchdruckerei _c1909 |
||
| 300 |
_axvi, 331 p. _bil. _c17 cm. |
||
| 440 | 0 |
_aPapstliche Museum und Gallerien _v1 _919151 |
|
| 500 | _aU88 | ||
| 650 | 1 | 4 |
_aArte _zVaticano (Ciudad) _97704 |
| 650 | 1 | 4 |
_aEscultura _zVaticano (Ciudad) _919152 |
| 650 | 1 | 4 |
_aGalerĂas y museos _zItalia _97703 |
| 710 | 2 |
_aVatikanische Skulpturenmuseum _919153 |
|
| 902 | _aGFM | ||
| 942 |
_2lcc _cB |
||
| 999 |
_c7413 _d7413 |
||